000 00407nmm a2200157Ia 4500
008 251105s9999||||xx |||||||||||||||||und||
041 _aspa
100 _aLovelace, Merline
245 0 _aEnemigo y amante
264 _a[Madrid, España] :
_bHarlequin,
_c2012
300 _a160 páginas
490 _aDeseo
650 _aRomance
856 _uhttps://public.digitaliapublishing.com/a/50097
942 _cCF
999 _c99029
_d99029